[Event "Harrogate 4NCL op 31st"]
[Site "Harrogate"]
[Date "2024.01.20"]
[Round "2"]
[White "Kryshtafor, Maksym"]
[Black "Burnett, Andrew"]
[Result "0-1"]
[WhiteElo "1459"]
[BlackElo "2156"]
[PlyCount "130"]
[EventDate "2024.01.19"]
[EventType "swiss"]
[EventRounds "5"]
[EventCountry "ENG"]
[SourceTitle "CB05_2024"]
[SourceDate "2024.01.31"]
[SourceVersion "1"]
[SourceVersionDate "2024.01.31"]
[SourceQuality "1"]

1. e4 c5 2. Nf3 d6 3. c3 Nf6 4. Bd3 Bg4 5. 0-0 g6 6. h3 Bxf3 7. Qxf3 Nc6 8. Bb5 Qb6 9. Ba4 Bg7 10. d3 0-0 11. Nd2 Qa6 12. Bxc6 Qxc6 13. Nc4 b5 14. Ne3 e6 15. Ng4 Nxg4 16. Qxg4 b4 17. Bd2 Rab8 18. Qd1 d5 19. Re1 bxc3 20. bxc3 dxe4 21. dxe4 Rfd8 22. Qc2 c4 23. Rab1 Rxb1 24. Rxb1 h5 25. Be3 Rd3 26. Bxa7 Rxc3 27. Rb8+ Kh7 28. Qb1 Be5 29. Rd8 Qxe4 30. Rd1 Qxb1 31. Rxb1 Ra3 32. Bb8 Bxb8 33. Rxb8 Rxa2 34. Kf1 c3 35. Rc8 c2 36. Ke1 Ra1+ 37. Kd2 Rf1 38. Kxc2 Rxf2+ 39. Kd3 Rxg2 40. Ke3 Rg3+ 41. Kf2 Rxh3 42. Kg2 Ra3 43. Kh2 g5 44. Kg2 Kg6 45. Kh2 Kf5 46. Kg2 h4 47. Kh2 g4 48. Rc7 Ra2+ 49. Kh1 f6 50. Rc1 g3 51. Rf1+ Rf2 52. Re1 g2+ 53. Kh2 Rf1 54. Rxf1+ gxf1N+ 55. Kh3 Kf4 56. Kg2 e5 57. Kh1 e4 58. Kg1 e3 59. Kg2 h3+ 60. Kg1 e2 61. Kf2 h2 62. Ke1 h1Q 63. Kf2 Qf3+ 64. Kg1 Qg3+ 65. Kh1 Qh2# 0-1

[Event "Harrogate 4NCL op 31st"]
[Site "Harrogate"]
[Date "2024.01.19"]
[Round "1"]
[White "Burnett, Andrew"]
[Black "Mesesan, Mircea Marius"]
[Result "1-0"]
[WhiteElo "2156"]
[BlackElo "1923"]
[PlyCount "131"]
[EventDate "2024.01.19"]
[EventType "swiss"]
[EventRounds "5"]
[EventCountry "ENG"]
[SourceTitle "CB05_2024"]
[SourceDate "2024.01.31"]
[SourceVersion "1"]
[SourceVersionDate "2024.01.31"]
[SourceQuality "1"]

1. d4 Nf6 2. c4 c5 3. Nf3 cxd4 4. Nxd4 g6 5. Nc3 Nc6 6. Nc2 Bg7 7. g3 0-0 8. Bg2 b6 9. 0-0 Bb7 10. Bd2 Qc8 11. b3 Nd8 12. e4 d6 13. Rc1 Ne6 14. Nd5 Re8 15. Be3 Nc5 16. Bg5 Ncxe4 17. Bxe4 Nxe4 18. Nxe7+ Rxe7 19. Bxe7 Nc3 20. Qd3 Qh3 21. f3 Be5 22. Rf2 Nxa2 23. Re1 a5 24. Bxd6 Bg7 25. Re7 Bc6 26. Nd4 Nc1 27. Qe3 Bxd4 28. Qxd4 Nxb3 29. Qxb6 Ba4 30. Qb7 Qc8 31. Rxf7 Qxb7 32. Rxb7 Nd4 33. Rfb2 Nxf3+ 34. Kf2 Nxh2 35. Rb8+ Rxb8 36. Rxb8+ Kf7 37. Ra8 Ng4+ 38. Ke2 Bb3 39. c5 Ke6 40. Rxa5 Nf6 41. Kd3 Kd5 42. Ra7 h5 43. Rg7 Ba2 44. Kc2 Ke6 45. Rxg6 Bd5 46. Rg5 Be4+ 47. Kc3 Bf3 48. Kd4 Bg4 49. Re5+ Kd7 50. Re7+ Kc8 51. Rc7+ Kd8 52. Ra7 Ne8 53. Ke5 Bf3 54. Rh7 Kc8 55. Ke6 Kd8 56. Rd7+ Kc8 57. Rf7 Bg4+ 58. Ke7 Nc7 59. Bxc7 Kxc7 60. Rf6 Bh3 61. Rd6 Bf5 62. Kf6 Bh3 63. Kg5 Bg4 64. Rh6 Kd7 65. Rxh5 Bxh5 66. Kxh5 1-0

[Event "Newcastle Northumbria Masters IM"]
[Site "Newcastle on Tyne"]
[Date "2023.08.25"]
[Round "3"]
[White "Burnett, Andrew"]
[Black "Gordon, Frederick"]
[Result "0-1"]
[WhiteElo "2217"]
[BlackElo "2253"]
[PlyCount "40"]
[EventDate "2023.08.24"]
[EventType "schev"]
[EventRounds "9"]
[EventCountry "ENG"]
[SourceTitle "EXT 2024"]
[Source "ChessBase"]
[SourceDate "2023.10.10"]
[SourceVersion "1"]
[SourceVersionDate "2023.10.10"]
[SourceQuality "1"]

1. e4 c5 2. Nf3 Nc6 3. d4 cxd4 4. Nxd4 Nf6 5. Nc3 e5 6. Ndb5 d6 7. Nd5 Nxd5 8. exd5 Nb8 9. a4 Be7 10. Be2 0-0 11. 0-0 f5 12. f4 Bf6 13. Kh1 Na6 14. c4 Nc5 15. fxe5 Bxe5 16. Ra3 Ne4 17. Nd4 Qf6 18. Rd3 Bd7 19. Be3 f4 20. g3 Nxg3+ 0-1

[Event "Newcastle Northumbria Masters IM"]
[Site "Newcastle on Tyne"]
[Date "2023.08.25"]
[Round "4"]
[White "Stoyanov, Viktor"]
[Black "Burnett, Andrew"]
[Result "1/2-1/2"]
[WhiteElo "2290"]
[BlackElo "2217"]
[PlyCount "53"]
[EventDate "2023.08.24"]
[EventType "schev"]
[EventRounds "9"]
[EventCountry "ENG"]
[SourceTitle "EXT 2024"]
[Source "ChessBase"]
[SourceDate "2023.10.10"]
[SourceVersion "1"]
[SourceVersionDate "2023.10.10"]
[SourceQuality "1"]

1. e4 c5 2. Nf3 d6 3. d4 Nf6 4. Nc3 cxd4 5. Nxd4 g6 6. Be3 Bg7 7. f3 Nc6 8. Qd2 0-0 9. Bc4 Nxd4 10. Bxd4 Qa5 11. 0-0-0 Be6 12. Bxe6 fxe6 13. Kb1 Rac8 14. Ne2 Qxd2 15. Rxd2 Nd7 16. h4 Bxd4 17. Nxd4 Kf7 18. h5 Nf6 19. hxg6+ hxg6 20. c3 Rh8 21. Rdd1 Rh5 22. g4 Rxh1 23. Rxh1 e5 24. Ne2 Kg7 25. Kc2 Nh7 26. Kd3 Rf8 27. Ke3 1/2-1/2

[Event "Newcastle Northumbria Masters IM"]
[Site "Newcastle on Tyne"]
[Date "2023.08.24"]
[Round "2"]
[White "Large, Peter G"]
[Black "Burnett, Andrew"]
[Result "1/2-1/2"]
[WhiteElo "2286"]
[BlackElo "2217"]
[PlyCount "226"]
[EventDate "2023.08.24"]
[EventType "schev"]
[EventRounds "9"]
[EventCountry "ENG"]
[SourceTitle "EXT 2024"]
[Source "ChessBase"]
[SourceDate "2023.10.10"]
[SourceVersion "1"]
[SourceVersionDate "2023.10.10"]
[SourceQuality "1"]

1. e4 c5 2. Nc3 Nc6 3. Bb5 Nd4 4. Nf3 e6 5. 0-0 a6 6. Bd3 Nc6 7. e5 d6 8. exd6 Bxd6 9. Ne4 Be7 10. Re1 Nf6 11. Nxf6+ Bxf6 12. Be4 Qc7 13. c3 0-0 14. d4 cxd4 15. cxd4 Rd8 16. Be3 Qd6 17. Qb3 h6 18. Red1 Qb4 19. Qc2 Qe7 20. Rac1 Nb4 21. Qb3 Nd5 22. Bd2 Bd7 23. Bb1 Qf8 24. Qd3 g6 25. Re1 Qg7 26. Ne5 Bxe5 27. Rxe5 Ne7 28. Qh3 h5 29. Qh4 Nc6 30. Bg5 Rdc8 31. Rec5 Nb4 32. h3 Nd5 33. Rxc8+ Rxc8 34. Rxc8+ Bxc8 35. Bd2 Qf6 36. Qe4 Bd7 37. h4 Bc6 38. Bg5 Qf5 39. Qxf5 exf5 40. g3 f6 41. Bd2 Kf7 42. Bc2 Ke6 43. Bb3 Ke7 44. a3 b6 45. Kf1 a5 46. Bc4 Ke6 47. Ke2 a4 48. Kd3 b5 49. Ba2 Bb7 50. Bf4 Ba6 51. Kd2 Bb7 52. Bb8 g5 53. b3 axb3 54. Bxb3 Kd7 55. Bd1 g4 56. Bc2 Ke6 57. Bb3 Kd7 58. Bf4 Bc6 59. Kd3 Ke6 60. Bd2 Kd7 61. Ke2 Ke6 62. Bc2 Bd7 63. f3 Be8 64. Bd3 Nb6 65. Bf4 Nd5 66. Bd2 Nb6 67. Kf2 Nd5 68. Bc2 Nb6 69. Ba5 Nc4 70. Bb3 Bc6 71. a4 Kd5 72. axb5 Bxb5 73. Bc3 Be8 74. Ke2 Bg6 75. f4 Be8 76. Kd3 Bb5 77. Bb4 Ba6 78. Be7 Bb5 79. Bxf6 Ba6 80. Be7 Bb5 81. Bb4 Ba6 82. Be1 Bb5 83. Kc3 Ba6 84. Ba4 Nd6 85. Bc2 Ne4+ 86. Bxe4+ Kxe4 87. Kd2 Kxd4 88. Bf2+ Ke4 89. Be1 Kf3 90. Kd1 Bb5 91. Kd2 Be2 92. Kc3 Kg2 93. Kd4 Kf1 94. Bb4 Kf2 95. Ke5 Kxg3 96. Be1+ Kf3 97. Kxf5 g3 98. Bb4 g2 99. Bc5 Kg3 100. Kg5 Bd3 101. Bg1 Bb5 102. f5 Be8 103. f6 Bf7 104. Bc5 Be8 105. Bg1 Kh3 106. Bc5 Kh2 107. Kh6 g1Q 108. Bxg1+ Kxg1 109. Kg7 Kg2 110. Kf8 Ba4 111. Kg7 Be8 112. Kf8 Ba4 113. Kg7 Be8 1/2-1/2

[Event "EU-chT Seniors 50"]
[Site "Swidnica"]
[Date "2023.07.20"]
[Round "9.1"]
[White "Kowalczuk, Wojciech"]
[Black "Burnett, Andrew"]
[Result "1/2-1/2"]
[WhiteElo "2066"]
[BlackElo "2243"]
[PlyCount "58"]
[EventDate "2023.07.12"]
[EventType "team-tourn"]
[EventRounds "9"]
[EventCountry "POL"]
[SourceTitle "CBM 215 Extra"]
[Source "ChessBase"]
[SourceDate "2023.09.30"]
[SourceVersion "1"]
[SourceVersionDate "2023.09.30"]
[SourceQuality "1"]
[WhiteTeam "Swidnica 50"]
[BlackTeam "Scotland 50"]
[WhiteTeamCountry "POL"]
[BlackTeamCountry "POL"]

1. e4 c5 2. Nf3 d6 3. d4 Nf6 4. dxc5 Nxe4 5. cxd6 Nc6 6. Bd3 Nxd6 7. 0-0 g6 8. c3 Bg7 9. Re1 0-0 10. Bf4 e5 11. Bg3 Qe7 12. Nxe5 Nxe5 13. f4 Rd8 14. fxe5 Nf5 15. Bf2 Bxe5 16. Qe2 f6 17. Bxf5 Bxf5 18. Nd2 Qf7 19. Nf3 Re8 20. Nxe5 Rxe5 21. Qf3 a6 22. Bd4 Rxe1+ 23. Rxe1 Re8 24. Rxe8+ Qxe8 25. Bxf6 Qe1+ 26. Qf1 Qe6 27. Bd4 Qxa2 28. Qe2 Qb1+ 29. Kf2 Qc2 1/2-1/2

[Event "EU-chT Seniors 50"]
[Site "Swidnica"]
[Date "2023.07.19"]
[Round "8.1"]
[White "Burnett, Andrew"]
[Black "Buckley, Graeme N"]
[Result "1-0"]
[WhiteElo "2243"]
[BlackElo "2345"]
[PlyCount "99"]
[EventDate "2023.07.12"]
[EventType "team-tourn"]
[EventRounds "9"]
[EventCountry "POL"]
[SourceTitle "CBM 215 Extra"]
[Source "ChessBase"]
[SourceDate "2023.09.30"]
[SourceVersion "1"]
[SourceVersionDate "2023.09.30"]
[SourceQuality "1"]
[WhiteTeam "Scotland 50"]
[BlackTeam "England 50 II"]
[WhiteTeamCountry "POL"]
[BlackTeamCountry "ENG"]

1. e4 c5 2. Nf3 Nc6 3. d4 cxd4 4. Nxd4 Nf6 5. Nc3 e6 6. Nxc6 bxc6 7. Bd3 e5 8. 0-0 Be7 9. Qe2 0-0 10. b3 d6 11. Bb2 Be6 12. Rad1 Nd7 13. Na4 Nb6 14. Nxb6 Qxb6 15. Kh1 Rad8 16. f4 Bf6 17. Qh5 Qc7 18. c4 g6 19. Qe2 Qe7 20. c5 dxc5 21. fxe5 Bg7 22. Rc1 Rd7 23. Qe3 Rfd8 24. Bb1 Rd2 25. Bc3 R2d4 26. Bxd4 cxd4 27. Qf3 c5 28. Bd3 Bxe5 29. Rc2 h5 30. Bc4 Bxc4 31. Rxc4 d3 32. Qe3 Qh4 33. g3 Qg4 34. Rcc1 Rd4 35. Rcd1 Qd7 36. Rd2 h4 37. gxh4 Bc7 38. h5 Ba5 39. Rdf2 Qc6 40. Rxf7 Qxe4+ 41. Qxe4 Rxe4 42. Rd7 d2 43. hxg6 Re1 44. Kg2 Bc3 45. g7 Kh7 46. Rf3 Re2+ 47. Rf2 Re7 48. Rfxd2 Re6 49. R2d3 Re2+ 50. Kf1 1-0

[Event "EU-chT Seniors 50"]
[Site "Swidnica"]
[Date "2023.07.16"]
[Round "5.1"]
[White "Hill, Jonathan S"]
[Black "Burnett, Andrew"]
[Result "1/2-1/2"]
[WhiteElo "2001"]
[BlackElo "2243"]
[PlyCount "76"]
[EventDate "2023.07.12"]
[EventType "team-tourn"]
[EventRounds "9"]
[EventCountry "POL"]
[SourceTitle "CBM 215 Extra"]
[Source "ChessBase"]
[SourceDate "2023.09.30"]
[SourceVersion "1"]
[SourceVersionDate "2023.09.30"]
[SourceQuality "1"]
[WhiteTeam "England 50 III"]
[BlackTeam "Scotland 50"]
[WhiteTeamCountry "ENG"]
[BlackTeamCountry "POL"]

1. d4 Nf6 2. Nc3 c5 3. d5 d6 4. e4 a6 5. a4 e5 6. Be2 g6 7. Bg5 h6 8. Be3 h5 9. h3 h4 10. Qd2 Nbd7 11. Nf3 Be7 12. 0-0 Nh5 13. Nh2 f5 14. Bxh5 Rxh5 15. f4 exf4 16. Bxf4 g5 17. Qe2 Rh8 18. e5 dxe5 19. Bxe5 Nxe5 20. Qxe5 Kf7 21. Rxf5+ Bxf5 22. Rf1 Bf6 23. Qxf5 Kg7 24. Kh1 Rf8 25. Ne4 Bxb2 26. Qg4 Rxf1+ 27. Nxf1 Bc1 28. d6 Bf4 29. Qe6 Qf8 30. d7 Rd8 31. Nh2 Qf7 32. Nxc5 Qf6 33. c3 b6 34. Ng4 Qxc3 35. Qe7+ Kg6 36. Qe6+ Kg7 37. Qe7+ Kg6 38. Qe6+ Kg7 1/2-1/2

[Event "Perth op-A"]
[Site "Perth"]
[Date "2023.04.21"]
[Round "1"]
[White "Burnett, Andrew"]
[Black "Emery, Keith"]
[Result "1-0"]
[WhiteElo "2221"]
[BlackElo "1859"]
[PlyCount "85"]
[EventDate "2023.04.21"]
[EventType "swiss"]
[EventRounds "5"]
[EventCountry "SCO"]
[SourceTitle "EXT 2024"]
[Source "ChessBase"]
[SourceDate "2023.10.10"]
[SourceVersion "1"]
[SourceVersionDate "2023.10.10"]
[SourceQuality "1"]

1. d4 Nf6 2. c4 g6 3. Nc3 Bg7 4. e4 d6 5. Be2 0-0 6. Be3 Nbd7 7. h4 e5 8. d5 Nc5 9. Qc2 Ng4 10. Bxg4 Bxg4 11. f3 Bd7 12. h5 f5 13. hxg6 hxg6 14. 0-0-0 fxe4 15. Bxc5 Qg5+ 16. Qd2 Qxd2+ 17. Rxd2 dxc5 18. Nxe4 b6 19. Ne2 Bf5 20. N2c3 Bxe4 21. Nxe4 Rf4 22. b3 Bf6 23. Kc2 Kg7 24. Rd3 Be7 25. Kb2 Rh8 26. Rxh8 Kxh8 27. Re3 Rh4 28. Re2 Kg7 29. Nf2 Rf4 30. Ng4 Bf6 31. Ka3 Rf5 32. Ka4 a6 33. a3 Rh5 34. Re1 Kf7 35. b4 cxb4 36. axb4 Rg5 37. Re4 Ke7 38. c5 Bg7 39. Re1 Kd7 40. Rh1 Rh5 41. Rd1 Rh4 42. d6 e4 43. c6+ 1-0

[Event "Harrogate 4NCL op-A 29th"]
[Site "Harrogate"]
[Date "2023.01.22"]
[Round "4"]
[White "Nicholson, Jim WR"]
[Black "Burnett, Andrew"]
[Result "1-0"]
[WhiteElo "1968"]
[BlackElo "2247"]
[PlyCount "79"]
[EventDate "2023.01.20"]
[EventType "swiss"]
[EventRounds "5"]
[EventCountry "ENG"]
[SourceTitle "CBM 212 Extra"]
[Source "ChessBase"]
[SourceDate "2023.03.31"]
[SourceVersion "1"]
[SourceVersionDate "2023.03.31"]
[SourceQuality "1"]

1. d4 Nf6 2. Nf3 g6 3. Bg5 Bg7 4. Nbd2 0-0 5. c3 d5 6. e3 Nbd7 7. Bd3 Re8 8. 0-0 e5 9. e4 exd4 10. cxd4 h6 11. Bxf6 Nxf6 12. e5 Nh5 13. Rc1 c6 14. Re1 Nf4 15. Bb1 Qb6 16. Nb3 Bf8 17. Re3 a5 18. Nc5 Qxb2 19. Na4 Qb4 20. a3 Qb5 21. g3 Nh3+ 22. Kg2 Bg4 23. Bd3 Bxa3 24. Bxb5 Bxc1 25. Qxc1 cxb5 26. Nb6 Ra6 27. Nxd5 Kg7 28. Nc7 Rc8 29. Rc3 b4 30. Rc5 Rb6 31. e6 b3 32. Qb2 a4 33. d5+ f6 34. e7 Bd7 35. e8Q Bxe8 36. Nxe8+ Rxe8 37. Rc7+ Kh8 38. Kxh3 a3 39. Qxa3 b2 40. Nd2 1-0

[Event "Newcastle EJCOA 4th"]
[Site "Newcastle on Tyne"]
[Date "2022.10.27"]
[Round "7"]
[White "Burnett, Andrew"]
[Black "Makkar, Rajat"]
[Result "0-1"]
[WhiteElo "2233"]
[BlackElo "2399"]
[PlyCount "78"]
[EventDate "2022.10.24"]
[EventType "tourn"]
[EventRounds "9"]
[EventCountry "ENG"]
[EventCategory "3"]
[SourceTitle "EXT 2024"]
[Source "ChessBase"]
[SourceDate "2023.10.10"]
[SourceVersion "1"]
[SourceVersionDate "2023.10.10"]
[SourceQuality "1"]

1. e4 e6 2. d4 d5 3. Nd2 Be7 4. Ngf3 Nf6 5. Bd3 Nfd7 6. e5 c5 7. c3 b6 8. 0-0 Ba6 9. Bxa6 Nxa6 10. Qe2 Nab8 11. Rd1 Nc6 12. Nf1 c4 13. Ng3 h5 14. Ne1 g6 15. f4 b5 16. a3 Na5 17. Be3 Nb3 18. Rab1 a5 19. Nf3 b4 20. axb4 axb4 21. Nd2 Nxd2 22. Qxd2 b3 23. Nh1 Nb6 24. Nf2 Kd7 25. Nh3 Ra2 26. Qe1 Na4 27. Bc1 Qa5 28. Ng5 Rf8 29. h3 Kc6 30. Kh1 Kb5 31. Kg1 Ba3 32. Rd2 Nxc3 33. bxc3 Qxc3 34. Nf3 Rxd2 35. Bxa3 Ra8 36. Bb2 Rxb2 37. Qxc3 Rxb1+ 38. Kh2 Ra2 39. Ne1 Rd1 0-1

[Event "SCO-ch op 127th"]
[Site "Edinburgh"]
[Date "2022.07.08"]
[Round "7"]
[White "Koehn, Lennart"]
[Black "Burnett, Andrew"]
[Result "1/2-1/2"]
[WhiteElo "2098"]
[BlackElo "2160"]
[PlyCount "81"]
[EventDate "2022.07.02"]
[EventType "swiss"]
[EventRounds "9"]
[EventCountry "SCO"]
[SourceTitle "CBM 209 Extra"]
[Source "ChessBase"]
[SourceDate "2022.09.30"]
[SourceVersion "1"]
[SourceVersionDate "2022.09.30"]
[SourceQuality "1"]

1. e4 c5 2. Nc3 Nc6 3. Bb5 Nd4 4. Nf3 e6 5. 0-0 a6 6. Bd3 Nc6 7. Re1 g5 8. h3 h5 9. g3 g4 10. hxg4 hxg4 11. Nh2 Qg5 12. Qxg4 Qh6 13. Qh4 Qxh4 14. gxh4 Rxh4 15. Nf3 Rg4+ 16. Kh1 b5 17. Rg1 Rxg1+ 18. Kxg1 Nb4 19. Ne1 Nxd3 20. Nxd3 Bb7 21. f3 d5 22. Nf2 0-0-0 23. d3 Bd6 24. Ne2 dxe4 25. dxe4 c4 26. Be3 f5 27. Nd4 Nf6 28. exf5 exf5 29. Nxf5 Be5 30. c3 Bxf3 31. Bd4 Nd7 32. a4 Bxd4 33. Nxd4 Rg8+ 34. Kf1 Bg2+ 35. Ke2 Re8+ 36. Kd2 Re5 37. axb5 axb5 38. Re1 Rh5 39. b4 cxb3 40. Nxb3 Nb6 41. Nd4 1/2-1/2

[Event "SCO-ch op 127th"]
[Site "Edinburgh"]
[Date "2022.07.02"]
[Round "1"]
[White "Burnett, Andrew"]
[Black "Madhavan, Sanjith1111"]
[Result "1-0"]
[WhiteElo "2160"]
[BlackElo "1728"]
[PlyCount "135"]
[EventDate "2022.07.02"]
[EventType "swiss"]
[EventRounds "9"]
[EventCountry "SCO"]
[SourceTitle "CBM 209 Extra"]
[Source "ChessBase"]
[SourceDate "2022.09.30"]
[SourceVersion "1"]
[SourceVersionDate "2022.09.30"]
[SourceQuality "1"]

1. d4 Nf6 2. c4 g6 3. Nc3 Bg7 4. e4 d6 5. Be2 0-0 6. Be3 Nc6 7. d5 Ne5 8. h3 e6 9. f4 Ned7 10. dxe6 fxe6 11. g4 Nc5 12. Bxc5 dxc5 13. Qxd8 Rxd8 14. e5 Ne8 15. Nf3 b6 16. 0-0 h6 17. Rad1 Bb7 18. h4 Rac8 19. g5 h5 20. Bd3 Kf7 21. Rd2 Bf8 22. Kf2 Be7 23. Rfd1 a6 24. a3 Bxf3 25. Kxf3 Ng7 26. Be4 c6 27. Na4 Rxd2 28. Rxd2 Rd8 29. Rc2 Nf5 30. Bxf5 exf5 31. Nxb6 Rd3+ 32. Kg2 Rd4 33. Rf2 Bd8 34. Na4 Ba5 35. Nxc5 Be1 36. Rf3 Rxc4 37. b4 a5 38. Nb7 Rc2+ 39. Kf1 Rc1 40. bxa5 Bxa5+ 41. Ke2 Bb6 42. Rb3 Bd4 43. Kd2 Rf1 44. Nd8+ Ke8 45. Nxc6 Rf2+ 46. Ke1 Rxf4 47. e6 Re4+ 48. Kd1 Be5 49. Rd3 Bc7 50. Rd7 Rxe6 51. Rxc7 Re4 52. Rg7 Re6 53. Nb4 Kf8 54. Rb7 f4 55. Nd3 f3 56. Rb4 Ke7 57. Rf4 Re3 58. Kd2 Re2+ 59. Kc3 Rh2 60. Rxf3 Rxh4 61. Ne5 Ke6 62. Nxg6 Rg4 63. Nf4+ Ke5 64. Nxh5 Rxg5 65. Ng3 Rg4 66. Rd3 Ra4 67. Kb3 Rg4 68. a4 1-0

[Event "Edinburgh Bicentenary"]
[Site "Edinburgh"]
[Date "2022.06.02"]
[Round "3"]
[White "Berry, Neil"]
[Black "Burnett, Andrew"]
[Result "1/2-1/2"]
[WhiteElo "2260"]
[BlackElo "2176"]
[PlyCount "82"]
[EventDate "2022.06.01"]
[EventType "tourn"]
[EventRounds "9"]
[EventCountry "SCO"]
[SourceTitle "EXT 2023"]
[Source "ChessBase"]
[SourceDate "2022.10.05"]
[SourceVersion "1"]
[SourceVersionDate "2022.10.05"]
[SourceQuality "1"]

1. d4 Nf6 2. c4 g6 3. Nc3 Bg7 4. e4 d6 5. f3 0-0 6. Nge2 Nc6 7. Be3 a6 8. Qd2 Na5 9. Nc1 Nd7 10. Nb3 Nxb3 11. axb3 e5 12. d5 f5 13. Bd3 Nf6 14. b4 fxe4 15. Bxe4 Bf5 16. Bg5 Bxe4 17. Bxf6 Qxf6 18. Nxe4 Qf4 19. Ra3 Bh6 20. Qxf4 exf4 21. Kd2 Rae8 22. Kd3 Bg7 23. b3 Re5 24. Ra5 g5 25. h3 h5 26. Re1 Kf7 27. Re2 Rfe8 28. b5 axb5 29. Rxb5 b6 30. Rb4 Kg6 31. Ra4 b5 32. Ra7 bxc4+ 33. bxc4 R5e7 34. Rea2 Rb8 35. c5 Re5 36. Rxc7 Rxd5+ 37. Ke2 Be5 38. cxd6 Rb6 39. Rc8 Bxd6 40. Rg8+ Kh6 41. Rd2 Rd4 1/2-1/2

[Event "Southend Easter op 64th"]
[Site "Southend"]
[Date "2022.04.16"]
[Round "4"]
[White "Haydon, David Leslie"]
[Black "Burnett, Andrew"]
[Result "1/2-1/2"]
[WhiteElo "2282"]
[BlackElo "2163"]
[PlyCount "40"]
[EventDate "2022.04.15"]
[EventType "swiss"]
[EventRounds "7"]
[EventCountry "ENG"]
[SourceTitle "CBM 207 Extra"]
[Source "ChessBase"]
[SourceDate "2022.05.31"]
[SourceVersion "1"]
[SourceVersionDate "2022.05.31"]
[SourceQuality "1"]

1. Nf3 Nf6 2. b3 g6 3. Bb2 Bg7 4. c4 d6 5. d4 0-0 6. Nc3 c5 7. e3 cxd4 8. Qxd4 Nc6 9. Qd2 Qa5 10. Be2 Ne4 11. Nxe4 Qxd2+ 12. Nfxd2 Bxb2 13. Rb1 Bg7 14. f4 Nb4 15. a4 d5 16. cxd5 Nxd5 17. Kf2 e5 18. fxe5 Bxe5 19. Nc4 Bg7 20. Rbd1 Be6 1/2-1/2

[Event "BCF-chT 2122 (4NCL)"]
[Site "England"]
[Date "2022.02.12"]
[Round "3.95"]
[White "Burnett, Andrew"]
[Black "Kett, Timothy"]
[Result "0-1"]
[WhiteElo "2176"]
[BlackElo "2136"]
[PlyCount "66"]
[EventDate "2021.11.27"]
[EventType "team-swiss"]
[EventRounds "11"]
[EventCountry "ENG"]
[SourceTitle "EXT 2023"]
[Source "ChessBase"]
[SourceDate "2022.10.05"]
[SourceVersion "1"]
[SourceVersionDate "2022.10.05"]
[SourceQuality "1"]
[WhiteTeam "Alba"]
[BlackTeam "West is Best"]
[WhiteTeamCountry "ENG"]
[BlackTeamCountry "ENG"]

1. d4 d5 2. c4 e6 3. Nf3 Nf6 4. Nc3 Be7 5. g3 0-0 6. Bg2 dxc4 7. 0-0 Nc6 8. e4 Rb8 9. Bf4 b5 10. a3 a6 11. d5 exd5 12. exd5 Na5 13. Qc2 Bd6 14. Be3 Nb3 15. Rad1 Bg4 16. h3 Bh5 17. g4 Bg6 18. Qe2 Re8 19. Nh4 Bd3 20. Rxd3 cxd3 21. Qd1 b4 22. axb4 Rxb4 23. Nf5 Nc5 24. Qc1 Nfe4 25. f3 d2 26. Bxd2 Nb3 27. Nxe4 Nxc1 28. Rxc1 Rb8 29. Ba5 Qd7 30. Rc6 Rxb2 31. Bf1 Bh2+ 32. Kh1 Qxd5 33. Rxa6 Rxe4 0-1

[Event "BCF-chT2b 1920 (4NCL)"]
[Site "Daventry"]
[Date "2020.01.11"]
[Round "3.64"]
[White "Burnett, Andrew"]
[Black "Villiers, Thomas"]
[Result "1-0"]
[WhiteElo "2120"]
[BlackElo "2184"]
[PlyCount "127"]
[EventDate "2020.01.11"]
[EventType "team-tourn"]
[EventRounds "11"]
[EventCountry "ENG"]
[SourceTitle "CBM 194 Extra"]
[Source "ChessBase"]
[SourceDate "2020.03.31"]
[SourceVersion "1"]
[SourceVersionDate "2020.03.31"]
[SourceQuality "1"]
[WhiteTeam "Alba"]
[BlackTeam "Barnet Knights"]
[WhiteTeamCountry "ENG"]
[BlackTeamCountry "ENG"]

1. d4 e6 2. e4 d5 3. Nd2 c5 4. Ngf3 cxd4 5. exd5 Qxd5 6. Bc4 Qd7 7. Qe2 Nc6 8. Nb3 a6 9. 0-0 Nf6 10. Bg5 b5 11. Bd3 Be7 12. Rad1 Nd5 13. Bxe7 Qxe7 14. Be4 Bb7 15. Bxd5 exd5 16. Qxe7+ Nxe7 17. Rfe1 Rc8 18. Nbxd4 Rc7 19. Nf5 Kf8 20. Nxe7 Rxe7 21. Nd4 h5 22. h4 g6 23. c3 Rc7 24. a3 Kg7 25. Re5 Rd8 26. Rde1 Kf8 27. f3 Rcc8 28. Kf2 Re8 29. g4 hxg4 30. fxg4 Rxe5 31. Rxe5 Rd8 32. Ke3 Bc8 33. Kf4 f6 34. Re6 Kf7 35. Rc6 Re8 36. Rc7+ Kg8 37. Kf3 Kf8 38. Rc5 Kg7 39. g5 fxg5 40. hxg5 Bf5 41. Rc7+ Kg8 42. Nxf5 gxf5 43. Rd7 Re5 44. b4 f4 45. Kxf4 Re4+ 46. Kf5 Rc4 47. Rd6 Rxc3 48. Rxa6 d4 49. Rd6 Rxa3 50. Rxd4 Ra7 51. Rd8+ Kf7 52. Rb8 Ra1 53. Rb7+ Ke8 54. Rxb5 Kf7 55. Rb7+ Kg8 56. g6 Kh8 57. b5 Ra8 58. b6 Rf8+ 59. Rf7 Ra8 60. b7 Ra5+ 61. Ke4 Rb5 62. Rf8+ Kg7 63. b8Q Kxg6 64. Qxb5 1-0

[Event "Novi Sad TS 108th"]
[Site "Novi Sad"]
[Date "2019.02.16"]
[Round "9"]
[White "Burnett, Andrew"]
[Black "Sredojevic, Ivan"]
[Result "1/2-1/2"]
[WhiteElo "2134"]
[BlackElo "2271"]
[PlyCount "47"]
[EventDate "2019.02.12"]
[EventType "swiss"]
[EventRounds "9"]
[EventCountry "SRB"]
[SourceTitle "CBM 189 Extra"]
[Source "ChessBase"]
[SourceDate "2019.06.03"]
[SourceVersion "1"]
[SourceVersionDate "2019.06.03"]
[SourceQuality "1"]

1. d4 Nf6 2. c4 g6 3. Nc3 Bg7 4. e4 d6 5. Be2 0-0 6. Be3 e5 7. d5 Na6 8. h4 Nc5 9. Qc2 a5 10. h5 Ng4 11. Bxg4 Bxg4 12. f3 Bd7 13. g4 g5 14. Nge2 h6 15. Ng3 c6 16. dxc6 bxc6 17. Bxc5 dxc5 18. Rd1 Qe7 19. Rh2 Be6 20. Na4 Rad8 21. Rhd2 Rd4 22. b3 Qf6 23. Rd3 Rfd8 24. Ne2 1/2-1/2

[Event "Novi Sad TS 108th"]
[Site "Novi Sad"]
[Date "2019.02.14"]
[Round "5"]
[White "Omorjan, Dejan"]
[Black "Burnett, Andrew"]
[Result "0-1"]
[WhiteElo "2246"]
[BlackElo "2134"]
[PlyCount "82"]
[EventDate "2019.02.12"]
[EventType "swiss"]
[EventRounds "9"]
[EventCountry "SRB"]
[SourceTitle "CBM 189 Extra"]
[Source "ChessBase"]
[SourceDate "2019.06.03"]
[SourceVersion "1"]
[SourceVersionDate "2019.06.03"]
[SourceQuality "1"]

1. d4 Nf6 2. Nf3 g6 3. Bg5 Bg7 4. Nbd2 0-0 5. c3 d5 6. e3 Nbd7 7. Bd3 Re8 8. 0-0 e5 9. dxe5 Nxe5 10. Nxe5 Rxe5 11. Nf3 Re8 12. Qb3 c6 13. c4 h6 14. Bh4 g5 15. Bg3 Qb6 16. Nd4 Qxb3 17. axb3 Ne4 18. Rfd1 Bg4 19. f3 Nxg3 20. hxg3 Rxe3 21. Nc2 Rxd3 22. Rxd3 Bf5 23. Rd2 Bxb2 24. Rad1 Bc3 25. Re2 dxc4 26. bxc4 b5 27. cxb5 cxb5 28. Ne3 Be6 29. f4 a5 30. Rb1 Bd4 31. Kh2 Bxe3 32. Rxe3 Bc4 33. Kg1 a4 34. Ra3 Re8 35. Rb2 Re4 36. f5 Kg7 37. Rd2 Kf6 38. Rd6+ Kxf5 39. Rf3+ Ke5 40. Rd8 b4 41. Ra8 a3 0-1